| 000 -LEADER |
| fixed length control field |
00774nam a2200229Ia 4500 |
| 001 - CONTROL NUMBER |
| control field |
3207 |
| 003 - CONTROL NUMBER IDENTIFIER |
| control field |
GE_BSU |
| 005 - DATE AND TIME OF LATEST TRANSACTION |
| control field |
20221101143600.0 |
| 008 - FIXED-LENGTH DATA ELEMENTS--GENERAL INFORMATION |
| fixed length control field |
181216s1996ru xx |||||||||||||| ||rus|| |
| 020 ## - INTERNATIONAL STANDARD BOOK NUMBER |
| International Standard Book Number |
5691000187 |
| 040 ## - CATALOGING SOURCE |
| Transcribing agency |
GE_BSU |
| 041 ## - LANGUAGE CODE |
| Language code of text/sound track or separate title |
rus |
| 080 ## - UNIVERSAL DECIMAL CLASSIFICATION NUMBER |
| Universal Decimal Classification number |
330.1( 075.8) Ш-65 |
| 100 ## - MAIN ENTRY--PERSONAL NAME |
| Personal name |
Шишкин, А.Ф. |
| 9 (RLIN) |
15692 |
| 245 ## - TITLE STATEMENT |
| Title |
Экономическая теория: Учебное посбие для вузов |
| Remainder of title |
В-2 кн.кн : 2/ |
| Statement of responsibility, etc. |
А.Ф. Шишкин, |
| 260 ## - PUBLICATION, DISTRIBUTION, ETC. |
| Name of publisher, distributor, etc. |
2-е изд. |
| 264 ## - PRODUCTION, PUBLICATION, DISTRIBUTION, MANUFACTURE, AND COPYRIGHT NOTICE |
| Place of production, publication, distribution, manufacture |
Москва : |
| Name of producer, publisher, distributor, manufacturer |
Гуманит Центр Владос, |
| Date of production, publication, distribution, manufacture, or copyright notice |
1996. |
| 300 ## - PHYSICAL DESCRIPTION |
| Extent |
352 ст. : |
| Other physical details |
илл. |
| 653 ## - INDEX TERM--UNCONTROLLED |
| keyword |
Экономическая теория: |
| 653 ## - INDEX TERM--UNCONTROLLED |
| keyword |
ეკონომიკური თეორია |
| 942 ## - ADDED ENTRY ELEMENTS (KOHA) |
| Koha item type |
წიგნი |
| Source of classification or shelving scheme |
|